Guess the Taylor Swift song with no hints #4 - Statistics

General Stats
  • This quiz has been taken 587 times
  • The average score is 155 of 225
Answer Stats
% Correct
I
100%
a
99%
the
97%
you
97%
You
97%
we
95%
and
92%
And
92%
me
92%
it
90%
be
89%
to
89%
when
89%
my
87%
I'm
85%
in
85%
on
85%
who
85%
love
84%
So
84%
so
84%
no
83%
No
83%
is
82%
like
82%
that
82%
it's
81%
for
80%
all
78%
All
78%
but
77%
But
77%
of
77%
if
76%
at
75%
I've
74%
time
74%
was
74%
This
73%
been
72%
said
71%
I'll
69%
never
69%
up
69%
just
68%
some
67%
think
67%
I'd
66%
Cause
65%
stay
65%
Stay
65%
have
64%
one
63%
should
63%
with
63%
mad
61%
night
61%
out
61%
get
59%
last
58%
loving
58%
now
57%
that's
57%
That's
57%
best
55%
quite
54%
read
54%
about
53%
didn't
53%
talk
52%
their
52%
both
51%
fun
50%
because
49%
came
49%
funny
49%
leave
49%
life
49%
took
49%
room
48%
broke
47%
let's
47%
only
47%
sure
47%
almost
46%
phone
46%
always
45%
fight
45%
football
45%
Okay
45%
pretty
45%
across
44%
away
44%
gonna
44%
threw
44%
wearing
43%
hang
42%
stayed
42%
those
42%
whole
42%
unresolved
41%
times
40%
turn
40%
dreams
39%
hanging
39%
Before
38%
dramatic
38%
memorize
38%
choice
37%
expecting
37%
fears
37%
given
37%
morning
37%
else
36%
hopes
36%
laughing
35%
self
35%
carry
34%
problems
34%
dated
33%
groceries
33%
indulgent
31%
takers
31%
occuring
30%
helment
7%
No matching quizzes found
Score Distribution
Percent of People with Each Score
Percentile by Number Answered
Your Score History
You have not taken this quiz